000 00720nam a22002177a 4500
003 OSt
005 20260629112923.0
008 260629b |||||||| |||| 00| 0 eng d
020 _a9780872879874
040 _cChuka University Library
050 _aLB 1575.5
100 _aNeamen, Mimi
_931364
245 _aLiterature Circles
_bCooperative Learning for Grades 3-8
260 _aEnglewood
_bTeacher Ideas Press
_c1992
300 _aVarious Paging
_bIndex and Bibliographical References
650 _aLiterature- Study and Teaching (Elementary)-United States
_929796
650 _aGroup Work in Education
_927771
650 _aChildren-Books and Reading
_927881
700 _aMary Strong
_931365
942 _2lcc
_cBK
_n0
999 _c25295
_d25295